| 000 | 01105nam a2200313 i 4500 | ||
|---|---|---|---|
| 001 | 000016814 | ||
| 003 | DO-SdBNP | ||
| 005 | 20260323095745.0 | ||
| 007 | ta | ||
| 008 | 100310s1996 dr ad r 001 0 spa d | ||
| 020 | _a8460552667 | ||
| 040 |
_aDO-SdBNP _bspa _cBNPHU _erda |
||
| 041 | _aspa | ||
| 082 | 4 |
_a362.1 _bS181v _222 |
|
| 245 | 0 | 0 |
_aSalud : _bvisión de futuro, elementos para un acuerdo nacional. |
| 264 | 4 |
_aSanto Domingo : _bCNS, _c©1996. |
|
| 300 |
_a104 páginas : _bilustraciones, gráficas ; _c27 cm. |
||
| 336 |
_ardacontent _btexto _2txt |
||
| 337 |
_ardamedia _bsin mediación _2n |
||
| 338 |
_ardacarrier _bvolumen _2nc |
||
| 500 | _aIncluye referencias bibliográficas y notas al pie de las páginas | ||
| 590 | _ainventariado, 2019/MFF | ||
| 650 | 4 |
_aSistemas nacionales de salud _zRepública Dominicana _937247 |
|
| 650 | 4 |
_aSalud pública _zRepública Dominicana _92078 |
|
| 650 | 0 |
_aPolítica sanitaria _zRepública Dominicana _91344 |
|
| 710 | 1 |
_aRepública Dominicana. Comisión Nacional de Salud _937248 |
|
| 910 | _aValidado. Control de calidad MFF | ||
| 942 |
_2ddc _cLBS1 |
||
| 999 |
_c16346 _d16346 |
||